[Event "BEL-chT 0203"]
[Site "Belgium"]
[Date "2003.03.23"]
[Round "11.7"]
[White "Verduyn, Frederic"]
[Black "De Wit, Dick"]
[Result "1/2-1/2"]
[WhiteElo "2174"]
[BlackElo "2214"]
[PlyCount "95"]
[EventDate "2002.10.06"]
[EventType "team"]
[EventRounds "11"]
[EventCountry "BEL"]
[SourceTitle "EXT 2004"]
[Source "ChessBase"]
[SourceDate "2003.11.25"]
[SourceVersion "1"]
[SourceVersionDate "2003.11.25"]
[SourceQuality "1"]
[WhiteTeam "Bruges"]
[BlackTeam "Gent"]
[WhiteTeamCountry "BEL"]
[BlackTeamCountry "BEL"]

1. Nf3 Nf6 2. c4 g6 3. Nc3 Bg7 4. e4 d6 5. d4 0-0 6. Be2 e5 7. 0-0 exd4 8. Nxd4 Re8 9. f3 Nc6 10. Be3 Nh5 11. Qd2 Nxd4 12. Bxd4 Bxd4+ 13. Qxd4 Nf4 14. Rfd1 b6 15. Bf1 Ne6 16. Qd2 a5 17. Nd5 Bb7 18. Qc3 Bxd5 19. cxd5 Nf4 20. Rac1 Ra7 21. Rc2 Qg5 22. g3 Nh5 23. Qd2 Qf6 24. Kg2 Re7 25. Rdc1 g5 26. Bd3 Qg7 27. Qc3 Qxc3 28. Rxc3 Nf6 29. g4 h6 30. h4 Nh7 31. hxg5 hxg5 32. Rh1 Nf8 33. Rh5 f6 34. Bb5 Ng6 35. Kg3 Nf4 36. Rh2 Rh7 37. Rxh7 Kxh7 38. Rc2 Kg7 39. Bd7 Nd3 40. Bf5 Nb4 41. Rh2 Nxa2 42. Rh7+ Kf8 43. Be6 Nc1 44. Rf7+ Ke8 45. Rxf6 Ne2+ 46. Kf2 Nf4 47. Ke3 a4 48. Rf5 1/2-1/2

[Event "BEL-chT 0203"]
[Site "Belgium"]
[Date "2003.03.09"]
[Round "10.6"]
[White "Welling, Gerard J"]
[Black "De Wit, Dick"]
[Result "1/2-1/2"]
[WhiteElo "2393"]
[BlackElo "2214"]
[PlyCount "40"]
[EventDate "2002.10.06"]
[EventType "team"]
[EventRounds "11"]
[EventCountry "BEL"]
[SourceTitle "EXT 2004"]
[Source "ChessBase"]
[SourceDate "2003.11.25"]
[SourceVersion "1"]
[SourceVersionDate "2003.11.25"]
[SourceQuality "1"]
[WhiteTeam "Eynatten"]
[BlackTeam "Gent"]
[WhiteTeamCountry "BEL"]
[BlackTeamCountry "BEL"]

1. e4 c5 2. d3 g6 3. g3 Bg7 4. Bg2 Nc6 5. f4 d6 6. Nf3 e6 7. 0-0 Nge7 8. c3 0-0 9. Be3 b6 10. d4 Bb7 11. Nbd2 cxd4 12. cxd4 Rc8 13. a3 Na5 14. Rc1 Rxc1 15. Qxc1 Qd7 16. b4 Rc8 17. Qb2 Nc4 18. Nxc4 Rxc4 19. Nd2 Rc7 20. Rc1 Qc8 1/2-1/2

[Event "BEL-chT 0102"]
[Site "Belgium"]
[Date "2002.01.06"]
[Round "6"]
[White "Vanderwaeren, Serge"]
[Black "De Wit, Dick"]
[Result "1/2-1/2"]
[WhiteElo "2332"]
[BlackElo "2204"]
[PlyCount "20"]
[EventDate "2001.10.14"]
[EventType "team"]
[EventRounds "11"]
[EventCountry "BEL"]
[SourceTitle "EXT 2003"]
[Source "ChessBase"]
[SourceDate "2002.11.25"]
[SourceVersion "1"]
[SourceVersionDate "2002.11.25"]
[SourceQuality "1"]

1. Nf3 Nf6 2. g3 g6 3. b3 Bg7 4. Bb2 0-0 5. Bg2 c5 6. c4 Nc6 7. 0-0 d6 8. d4 cxd4 9. Nxd4 Bd7 10. Nc3 Nxd4 1/2-1/2

[Event "BEL-chT 0102"]
[Site "Belgium"]
[Date "2001.12.23"]
[Round "5"]
[White "Kerkmeester, Heico"]
[Black "De Wit, Dick"]
[Result "0-1"]
[WhiteElo "2250"]
[BlackElo "2204"]
[PlyCount "76"]
[EventDate "2001.10.14"]
[EventType "team"]
[EventRounds "11"]
[EventCountry "BEL"]
[SourceTitle "EXT 2003"]
[Source "ChessBase"]
[SourceDate "2002.11.25"]
[SourceVersion "1"]
[SourceVersionDate "2002.11.25"]
[SourceQuality "1"]

1. d4 Nf6 2. Bg5 g6 3. Bxf6 exf6 4. e3 Bg7 5. c4 0-0 6. Nc3 d6 7. g3 Nd7 8. Bg2 f5 9. Nge2 Nf6 10. Qc2 Re8 11. 0-0 h5 12. Nd5 h4 13. Nxf6+ Bxf6 14. Nf4 c6 15. b4 Bd7 16. Rab1 Rc8 17. Qb3 hxg3 18. hxg3 Bg5 19. d5 Bxf4 20. exf4 b6 21. Rfe1 cxd5 22. Bxd5 Qf6 23. Qa3 Rc7 24. Rxe8+ Bxe8 25. Qd3 Bd7 26. Re1 Rc8 27. Qa3 Rc7 28. b5 Kg7 29. Kg2 Kf8 30. Rd1 Kg7 31. Bf3 Rxc4 32. Qxa7 Bxb5 33. Qxb6 Rb4 34. Kh2 Rb2 35. Rxd6 Qc3 36. Qa7 Qxf3 37. Qd4+ Kh7 38. Qxb2 Bf1 0-1

[Event "NED-chT 0001"]
[Site "Netherlands"]
[Date "2001.03.03"]
[Round "5.8"]
[White "De Wit, Dick"]
[Black "De Heer, Machiel"]
[Result "1/2-1/2"]
[WhiteElo "2189"]
[BlackElo "2300"]
[PlyCount "66"]
[EventDate "2000.11.18"]
[EventType "team-tourn"]
[EventRounds "9"]
[EventCountry "NED"]
[SourceTitle "EXT 2002"]
[Source "ChessBase"]
[SourceDate "2001.11.25"]
[SourceVersion "1"]
[SourceVersionDate "2001.11.25"]
[SourceQuality "1"]
[WhiteTeam "Ordina Breda II"]
[BlackTeam "Leiden LSG"]
[WhiteTeamCountry "NED"]
[BlackTeamCountry "NED"]

1. e4 e5 2. Nf3 d6 3. d4 exd4 4. Nxd4 g6 5. c4 Bg7 6. Nc3 Nc6 7. Be3 Nge7 8. Qd2 0-0 9. Nxc6 Nxc6 10. Be2 Be6 11. 0-0 f5 12. exf5 Bxf5 13. Rad1 Ne5 14. Nb5 Be6 15. b3 Nc6 16. Nd4 Nxd4 17. Bxd4 Bxd4 18. Qxd4 Qf6 19. Bf3 Qxd4 20. Rxd4 Rab8 21. Re1 Rfe8 22. h4 Bf7 23. Rxe8+ Rxe8 24. Kf1 b6 25. Bc6 Re5 26. f4 Rc5 27. Bb5 a5 28. a3 Rf5 29. Bd7 Rh5 30. g3 Rc5 31. Bb5 Be6 32. Kf2 Rf5 33. Bc6 Rf6 1/2-1/2

[Event "KGSRL Masters 2nd"]
[Site "Ghent"]
[Date "1999.09.07"]
[Round "4"]
[White "Abolianin, Arthur"]
[Black "De Wit, Dick"]
[Result "1-0"]
[WhiteElo "2252"]
[BlackElo "2242"]
[PlyCount "65"]
[EventDate "1999.09.04"]
[EventType "swiss"]
[EventRounds "9"]
[EventCountry "BEL"]
[SourceTitle "EXT 2000"]
[Source "ChessBase"]
[SourceDate "1999.11.16"]
[SourceVersion "1"]
[SourceVersionDate "1999.11.16"]
[SourceQuality "1"]

1. d4 Nf6 2. c4 g6 3. Nc3 Bg7 4. e4 d6 5. f3 0-0 6. Be3 Nc6 7. Qd2 a6 8. Nge2 Rb8 9. 0-0-0 b5 10. h4 h5 11. Nd5 Nh7 12. Bh6 e6 13. Bxg7 Kxg7 14. Ne3 bxc4 15. g4 hxg4 16. fxg4 d5 17. h5 g5 18. Nc3 Ne7 19. Bg2 c6 20. Rhf1 Qa5 21. Rf2 Bd7 22. Rdf1 Rb6 23. Qc2 Be8 24. Bf3 Nc8 25. Be2 Nd6 26. e5 Nb5 27. Bxc4 Nxd4 28. Qd3 c5 29. Nexd5 exd5 30. Nxd5 Rc6 31. Ne7 Rb6 32. Nc8 Rb4 33. Nd6 1-0

[Event "KGSRL Masters 2nd"]
[Site "Ghent"]
[Date "1999.09.06"]
[Round "3"]
[White "De Wit, Dick"]
[Black "Schebler, Gerhard"]
[Result "0-1"]
[WhiteElo "2242"]
[BlackElo "2443"]
[PlyCount "62"]
[EventDate "1999.09.04"]
[EventType "swiss"]
[EventRounds "9"]
[EventCountry "BEL"]
[SourceTitle "EXT 2000"]
[Source "ChessBase"]
[SourceDate "1999.11.16"]
[SourceVersion "1"]
[SourceVersionDate "1999.11.16"]
[SourceQuality "1"]

1. d4 Nf6 2. c4 g6 3. Nc3 Bg7 4. e4 d6 5. Nf3 0-0 6. Be2 e5 7. 0-0 Nc6 8. d5 Ne7 9. Bg5 h6 10. Bxf6 Bxf6 11. b4 Kg7 12. c5 Ng8 13. a4 Be7 14. c6 bxc6 15. dxc6 f5 16. Bc4 Nf6 17. Bd5 f4 18. Nd2 g5 19. f3 g4 20. Nc4 Kh7 21. Kf2 Qe8 22. Nb5 Nxd5 23. exd5 Bd8 24. Nc3 Qh5 25. Kg1 Rg8 26. fxg4 Rxg4 27. Kh1 Qg6 28. Ra2 Bf5 29. Rd2 Bf6 30. Qe2 Rg8 31. b5 e4 0-1

[Event "EU-Cup 14th Group6"]
[Site "Sremic Krsko"]
[Date "1998.10.16"]
[Round "1"]
[White "Efimov, Igor"]
[Black "De Wit, Dick"]
[Result "1-0"]
[WhiteElo "2530"]
[BlackElo "2245"]
[PlyCount "85"]
[EventDate "1998.09.16"]
[EventType "team-k.o."]
[EventRounds "3"]
[EventCountry "SLO"]
[SourceTitle "EXT 2020"]
[Source "ChessBase"]
[SourceDate "2019.10.17"]
[SourceVersion "1"]
[SourceVersionDate "2019.10.17"]
[SourceQuality "1"]
[WhiteTeam "Montecatini Surya"]
[BlackTeam "Gent KGS Ruy Lopez"]
[WhiteTeamCountry "ITA"]
[BlackTeamCountry "BEL"]

1. Nf3 Nf6 2. c4 g6 3. g3 Bg7 4. Bg2 0-0 5. 0-0 d6 6. d4 Nc6 7. d5 Na5 8. Nbd2 c5 9. e4 Rb8 10. Ne1 b5 11. cxb5 Rxb5 12. Nc2 e6 13. dxe6 Bxe6 14. b3 Qd7 15. Bb2 Bh3 16. Qf3 Bxg2 17. Kxg2 Qe6 18. Rfe1 Nh5 19. Bxg7 Nxg7 20. Rad1 Nc6 21. Nc4 Ne5 22. Nxe5 dxe5 23. Rd5 Ra5 24. a4 Qb6 25. Qc3 Ne6 26. Ne3 Ra6 27. Rxe5 Rb8 28. Rb1 Rxa4 29. Nd5 Qd8 30. h4 h5 31. Rd1 Rd4 32. Ra1 Qd6 33. f4 a6 34. Nf6+ Kf8 35. Rd5 Rxd5 36. Nxd5 Nd4 37. b4 Rc8 38. Rd1 Qe6 39. Re1 Qd6 40. Rc1 Qe6 41. Qd3 Qd6 42. bxc5 Rxc5 43. Qxd4 1-0

[Event "Utrecht op"]
[Site "Utrecht"]
[Date "1998.06.05"]
[Round "?"]
[White "De Vreugt, Dennis"]
[Black "De Wit, Dick"]
[Result "1-0"]
[WhiteElo "2300"]
[BlackElo "2235"]
[PlyCount "99"]
[EventDate "1998.05.??"]
[EventType "swiss"]
[EventRounds "6"]
[EventCountry "NED"]
[SourceTitle "EXT 2003"]
[Source "ChessBase"]
[SourceDate "2002.11.25"]
[SourceVersion "1"]
[SourceVersionDate "2002.11.25"]
[SourceQuality "1"]

1. e4 c5 2. Nf3 d6 3. d4 cxd4 4. Nxd4 Nf6 5. Nc3 a6 6. f4 e5 7. Nf3 Qc7 8. a4 Be6 9. Bd3 Nbd7 10. 0-0 Be7 11. Qe1 0-0 12. Kh1 Rfe8 13. f5 Bc4 14. Qg3 Bf8 15. Bg5 Rac8 16. a5 d5 17. Nd2 Bxd3 18. cxd3 dxe4 19. Ndxe4 Qd8 20. Nd5 Nxe4 21. dxe4 f6 22. Be3 Nc5 23. Bxc5 Rxc5 24. Qb3 Kh8 25. Qxb7 Rxa5 26. b4 Rb5 27. Qxa6 Qb8 28. Ra5 Rb7 29. b5 Bc5 30. b6 Bd4 31. Rb1 h6 32. h3 Kh7 33. Ra4 Rc8 34. Rc4 Rxc4 35. Qxc4 Qd8 36. Kh2 Qd7 37. Rb3 Qe8 38. Rb4 Qa8 39. Qc6 Qb8 40. h4 Qa8 41. Ra4 Qb8 42. Ra6 Bf2 43. Kh3 Bd4 44. Kg4 Bf2 45. Kh5 Bd4 46. g4 Qf8 47. g5 hxg5 48. Qxb7 Qe8+ 49. Kg4 Qb5 50. Nxf6+ 1-0

[Event "BEL-chT 9798"]
[Site "Antwerp"]
[Date "1997.??.??"]
[Round "6"]
[White "Mohandesi, Shahin"]
[Black "De Wit, Dick"]
[Result "1-0"]
[WhiteElo "2285"]
[BlackElo "2335"]
[PlyCount "125"]
[EventDate "1997.??.??"]
[EventType "team"]
[EventRounds "11"]
[EventCountry "BEL"]
[SourceTitle "EXT 1999"]
[Source "ChessBase"]
[SourceDate "1998.11.16"]
[SourceVersion "1"]
[SourceVersionDate "1998.11.16"]
[SourceQuality "1"]

1. Nf3 Nf6 2. c4 g6 3. Nc3 Bg7 4. e4 d6 5. d4 0-0 6. Be2 Nbd7 7. 0-0 e5 8. Be3 Ng4 9. Bg5 f6 10. Bd2 Nh6 11. Qc2 c6 12. Rad1 Qe7 13. Rfe1 Re8 14. Bf1 Nf8 15. h3 Ne6 16. d5 Nf4 17. Bxf4 exf4 18. Qd2 c5 19. Qxf4 a6 20. Qd2 Bd7 21. a3 b6 22. b4 Nf7 23. Rb1 Ne5 24. Nxe5 Qxe5 25. f4 Qd4+ 26. Qxd4 cxd4 27. Nd1 f5 28. Nf2 fxe4 29. Nxe4 Rxe4 30. Rxe4 Bf5 31. Rbe1 Bxe4 32. Rxe4 Kf7 33. Re6 Bf8 34. Kf2 Re8 35. Rxe8 Kxe8 36. Kf3 Bg7 37. g4 Kf7 38. c5 dxc5 39. bxc5 Bf8 40. cxb6 Bxa3 41. b7 Bd6 42. Bxa6 Ke7 43. g5 Kd7 44. Bd3 Kc7 45. f5 gxf5 46. Bxf5 Kxb7 47. Bxh7 Kc7 48. Ke4 Kd7 49. Kxd4 Bg3 50. Ke4 Ke7 51. Kf5 Kf7 52. Kg4 Bd6 53. h4 Kg7 54. Bd3 Kf7 55. h5 Kg7 56. Bg6 Bc5 57. Kf5 Be7 58. h6+ Kg8 59. Kg4 Kf8 60. Kh5 Bd6 61. Bf5 Kf7 62. Be6+ Kf8 63. g6 1-0

[Event "NED-chT 9697"]
[Site "Netherlands"]
[Date "1996.??.??"]
[Round "?"]
[White "Obers, Frits"]
[Black "De Wit, Dick"]
[Result "1/2-1/2"]
[WhiteElo "2145"]
[BlackElo "2305"]
[PlyCount "74"]
[EventDate "1996.??.??"]
[EventType "team"]
[EventRounds "11"]
[EventCountry "NED"]
[SourceTitle "EXT 2000"]
[Source "ChessBase"]
[SourceDate "1999.11.16"]
[SourceVersion "1"]
[SourceVersionDate "1999.11.16"]
[SourceQuality "1"]

1. d4 Nf6 2. Nf3 g6 3. c4 Bg7 4. Nc3 0-0 5. e4 d6 6. Be2 Nbd7 7. 0-0 e5 8. Be3 Ng4 9. Bg5 f6 10. Bh4 h5 11. h3 Nh6 12. dxe5 dxe5 13. b4 c6 14. a3 Qe7 15. Nd2 g5 16. Bg3 h4 17. Bh2 Rd8 18. Qc2 Nf8 19. Rfe1 Ne6 20. Nb3 Bd7 21. c5 Be8 22. Na4 Bg6 23. Bc4 Kh7 24. f3 Nd4 25. Nxd4 Rxd4 26. Rad1 Rad8 27. Rxd4 Rxd4 28. Rd1 Qd7 29. Nb2 Bf7 30. Bxf7 Nxf7 31. Kf1 Rxd1+ 32. Qxd1 Qe6 33. Qd3 Qa2 34. Nc4 Qa1+ 35. Kf2 Qa2+ 36. Kf1 Qa1+ 37. Kf2 Qa2+ 1/2-1/2